000 00845cam a2200289 4500
008 090401t1993 xxu||||| |||| 00| 0 eng d
020 _a187357553X
035 _a(Sirsi) u72289
041 _aeng
050 _a301.320212
100 _aForrest, Ray
245 _aPeople and places: a 1991 Census atlas of England.
260 _aBristol
_bSAUS Publications
_c1993
300 _a101p. : ill.,maps ; 30cm.
350 _a14.75
520 _aProduced in association with the Bristol Statistical Monitoring Unit.
650 _aUK CENSUS 1991
650 _aATLASES
650 _aBRISTOL STATISTICAL MONITORING UNIT
650 _aDEMOGRAPHY
650 _aUNIVERSITY OF BRISTOL
690 _aECONOMIC AND SOCIAL
700 _aGordon, Dave
710 _aSchool for Advanced Urban Studies
_9928
942 _n0
948 _c04/03/1997
999 _c95496
_d95496